Introducción a la pedagogía especial / (Record no. 130716)

MARC details
000 -LEADER
campo de control de longitud fija 00712nam a2200217 i 4500
001 - NÚMERO DE CONTROL
campo de control 130716
003 - IDENTIFICADOR DE NÚMERO DE CONTROL
campo de control ES-MaACL
005 - FECHA Y HORA DE LA ÚLTIMA TRANSACCIÓN
campo de control 20250828025123.0
007 - CAMPO FIJO DE DESCRIPCIÓN FÍSICA--INFORMACIÓN GENERAL
campo de control de longitud fija t|
008 - DATOS DE LONGITUD FIJA--INFORMACIÓN GENERAL
campo de control de longitud fija 070806s1973 sp ||||1| spa d
100 1# - ENTRADA PRINCIPAL--NOMBRE DE PERSONA
Nombre de persona Zavalloni, Roberto.
9 (RLIN) 118111
245 10 - MENCIÓN DEL TÍTULO
Título Introducción a la pedagogía especial /
Mención de responsabilidad, etc. Roberto Zavalloni ; [versión de Antonio Martínez Riu].
260 ## - PUBLICACIÓN, DISTRIBUCIÓN, ETC.
Lugar de publicación, distribución, etc. Barcelona :
Nombre del editor, distribuidor, etc. Herder,
Fecha de publicación, distribución, etc. 1973.
300 ## - DESCRIPCIÓN FÍSICA
Extensión 211 p. ;
Dimensiones 22 cm.
490 1# - MENCIÓN DE SERIE
Mención de serie Biblioteca de psicología ;
Designación de volumen o secuencia 13
650 17 - PUNTO DE ACCESO ADICIONAL DE MATERIA--TÉRMINO DE MATERIA
Término de materia o nombre geográfico como elemento de entrada Educación especial
Fuente del encabezamiento o término embne
9 (RLIN) 12103
700 1# - ENTRADA AGREGADA--NOMBRE PERSONAL
Nombre de persona Martínez Riu, Antonio.
9 (RLIN) 78364
830 0# - PUNTO DE ACCESO ADICIONAL DE SERIE-TÍTULO UNIFORME
Título uniforme Biblioteca de psicología ;
Designación de volumen o secuencia 13
9 (RLIN) 180745
852 ## - LOCALIZACIÓN
Ubicación ES-MaACL
Número de control de estantería C-54327
Sublocalización o colección R.87252
Holdings
Estatus retirado Estado de pérdida Estado de daño No para préstamo Biblioteca de origen Biblioteca actual Ubicación en estantería Fecha de adquisición Fuente de adquisición Total de préstamos Signatura topográfica completa Código de barras Visto por última vez Precio de reemplazo Tipo de ítem Koha
        Biblioteca del Ateneo de Madrid Biblioteca del Ateneo de Madrid Depósito 2 17/01/2008     C-54327 1136096 23/02/2023 23/02/2023 Libro impreso